[Event "Cheliabinsk Kurnosov Memorial Rapid"]
[Site "Cheliabinsk"]
[Date "2021.09.10"]
[Round "1"]
[White "Bocharov, Dmitry"]
[Black "Nikolenko, Vadim"]
[Result "1-0"]
[WhiteElo "2524"]
[BlackElo "2113"]
[PlyCount "135"]
[EventDate "2021.09.10"]
[EventType "swiss (rapid)"]
[EventRounds "11"]
[EventCountry "RUS"]
[SourceTitle "CBM 204 Extra"]
[Source "ChessBase"]
[SourceDate "2021.11.30"]
[SourceVersion "1"]
[SourceVersionDate "2021.11.30"]
[SourceQuality "1"]

1. e4 e5 2. Nf3 d5 3. exd5 e4 4. Qe2 Qe7 5. Nd4 Nf6 6. Nc3 Na6 7. Qb5+ Nd7 8. Nf5 Qe5 9. Ne3 f5 10. g3 Be7 11. d4 exd3 12. Bxd3 0-0 13. 0-0 Nac5 14. Nc4 Qf6 15. d6 a6 16. Qb4 Nxd3 17. cxd3 Bxd6 18. Nxd6 Qxd6 19. Qxd6 cxd6 20. Bf4 Ne5 21. Bxe5 dxe5 22. Rfe1 f4 23. Rxe5 Bh3 24. Ne2 fxg3 25. hxg3 Rad8 26. Nf4 Bg4 27. Kg2 Rd6 28. Rc1 h6 29. f3 Bd7 30. Rc7 g5 31. Rd5 Rxd5 32. Nxd5 Bf5 33. Ne7+ Kh8 34. Nxf5 Rxf5 35. Rxb7 Rd5 36. Rb3 Kg7 37. Kf2 Rc5 38. Rc3 Rb5 39. b3 h5 40. Rc7+ Kf8 41. Rh7 g4 42. fxg4 hxg4 43. Rh4 Rc5 44. Ke3 Rc2 45. Rxg4 Rxa2 46. Ra4 Rb2 47. Rxa6 Rxb3 48. Ra7 Rb1 49. d4 Rb3+ 50. Kf4 Rd3 51. Rd7 Ke8 52. Rd5 Ke7 53. g4 Rd1 54. Kf5 Rf1+ 55. Kg6 Rf4 56. g5 Ke6 57. Re5+ Kd6 58. Re1 Rxd4 59. Kg7 Kd7 60. g6 Rh4 61. Kf7 Rf4+ 62. Kg8 Rh4 63. g7 Rh2 64. Re4 Kd6 65. Kf7 Rf2+ 66. Kg6 Rg2+ 67. Kf6 Kd5 68. Re5+ 1-0

[Event "Cheliabinsk-ch final"]
[Site "Cheliabinsk"]
[Date "2013.01.27"]
[Round "9"]
[White "Safronov, Sergey"]
[Black "Nikolenko, Vadim"]
[Result "1-0"]
[WhiteElo "2255"]
[BlackElo "2207"]
[PlyCount "129"]
[EventDate "2013.01.15"]
[EventType "swiss"]
[EventRounds "9"]
[EventCountry "RUS"]
[SourceTitle "EXT 2014"]
[Source "ChessBase"]
[SourceDate "2013.11.20"]
[SourceVersion "1"]
[SourceVersionDate "2013.11.20"]
[SourceQuality "1"]

1. Nf3 Nf6 2. g3 d5 3. Bg2 Bf5 4. c4 e6 5. 0-0 h6 6. Qb3 Qc8 7. Nc3 c6 8. d3 Nbd7 9. cxd5 exd5 10. e4 Nc5 11. Qc2 Bh7 12. exd5 cxd5 13. Re1+ Be7 14. Qe2 Qd8 15. Ne5 0-0 16. Bf4 Re8 17. Qf3 d4 18. Nd5 Bd6 19. Nxf7 Kxf7 20. Nxf6 gxf6 21. Qd5+ Ne6 22. Bxd6 Qd7 23. Bf4 Rad8 24. Qb3 Kg7 25. Bh3 Bg8 26. Qd1 Qb5 27. a4 Qd5 28. Bg2 Qf5 29. Be4 Qh3 30. Qf3 Nc5 31. Bxb7 Nxb7 32. Qxb7+ Kg6 33. Qg2 Qf5 34. Qf1 Bb3 35. Rxe8 Rxe8 36. Re1 Bxa4 37. Rxe8 Bxe8 38. Qe2 Bb5 39. Qe4 Qxe4 40. dxe4 h5 41. f3 Bd7 42. Kf2 a5 43. Bc7 a4 44. Bb6 d3 45. Ke3 Bb5 46. Ba5 Kf7 47. Kd4 Ba6 48. Bd2 Ke7 49. Kc5 Bc8 50. Kc4 f5 51. Kxd3 Bb7 52. exf5 Kf6 53. Ke3 Kxf5 54. h3 Ba6 55. g4+ Kg5 56. f4+ Kg6 57. f5+ Kg5 58. Ke4+ Kf6 59. Kf4 Bd3 60. g5+ Kf7 61. g6+ Ke7 62. Bb4+ Kf6 63. Bc3+ Ke7 64. f6+ Ke6 65. f7 1-0

[Event "UrFO-ch op"]
[Site "Cheliabinsk"]
[Date "2011.03.24"]
[Round "7"]
[White "Nikolenko, Vadim"]
[Black "Panov, Maksim"]
[Result "0-1"]
[WhiteElo "2213"]
[BlackElo "1963"]
[PlyCount "46"]
[EventDate "2011.03.19"]
[EventType "swiss"]
[EventRounds "9"]
[EventCountry "RUS"]
[SourceTitle "EXT 2012"]
[Source "ChessBase"]
[SourceDate "2011.11.24"]
[SourceVersion "1"]
[SourceVersionDate "2011.11.24"]
[SourceQuality "1"]

1. e4 d5 2. exd5 Nf6 3. d4 Nxd5 4. c4 Nb6 5. Nf3 g6 6. Nc3 Bg7 7. h3 0-0 8. Be2 Nc6 9. Be3 e5 10. d5 Ne7 11. Qd2 Nf5 12. Bc5 Re8 13. Ne4 Nd6 14. Nxd6 cxd6 15. Ba3 e4 16. Nd4 e3 17. fxe3 Qh4+ 18. Kd1 Qg3 19. Re1 Qxg2 20. Bxd6 Bxh3 21. Kc2 Rac8 22. Kb3 Nxc4 23. Bxc4 Qxd2 0-1

[Event "UrFO-ch op"]
[Site "Cheliabinsk"]
[Date "2011.03.19"]
[Round "1"]
[White "Nikolenko, Vadim"]
[Black "Shnayder, Violetta"]
[Result "1-0"]
[WhiteElo "2213"]
[BlackElo "1870"]
[PlyCount "43"]
[EventDate "2011.03.19"]
[EventType "swiss"]
[EventRounds "9"]
[EventCountry "RUS"]
[SourceTitle "EXT 2012"]
[Source "ChessBase"]
[SourceDate "2011.11.24"]
[SourceVersion "1"]
[SourceVersionDate "2011.11.24"]
[SourceQuality "1"]

1. e4 c5 2. c3 d5 3. exd5 Qxd5 4. d4 Nc6 5. Nf3 Bg4 6. Be2 e6 7. Be3 cxd4 8. cxd4 Bb4+ 9. Nc3 Bxc3+ 10. bxc3 Nf6 11. Qb3 0-0 12. h3 Bh5 13. 0-0 Rac8 14. c4 Qd7 15. Rfd1 Qe7 16. Re1 Rfd8 17. Rad1 Bxf3 18. gxf3 Nh5 19. Qb5 Qh4 20. Bg5 Qxh3 21. Bxd8 Rxd8 22. Qg5 1-0

[Event "Cheliabinsk-ch"]
[Site "Cheliabinsk"]
[Date "2011.01.23"]
[Round "7"]
[White "Gorbushin, Maksim"]
[Black "Nikolenko, Vadim"]
[Result "1-0"]
[WhiteElo "2061"]
[BlackElo "2242"]
[PlyCount "77"]
[EventDate "2011.01.13"]
[EventType "swiss"]
[EventRounds "9"]
[EventCountry "RUS"]
[SourceTitle "EXT 2012"]
[Source "ChessBase"]
[SourceDate "2011.11.24"]
[SourceVersion "1"]
[SourceVersionDate "2011.11.24"]
[SourceQuality "1"]

1. e4 c5 2. Nc3 Nc6 3. g3 e6 4. d3 Nf6 5. Bg2 d5 6. exd5 Nxd5 7. Nge2 Nde7 8. 0-0 Nd4 9. Ne4 Nec6 10. c3 Nf5 11. g4 Nh4 12. Bg5 Be7 13. Bxh4 Bxh4 14. Nxc5 Qg5 15. Ne4 Qxg4 16. f3 Qg6 17. Nd6+ Ke7 18. Nxc8+ Rhxc8 19. d4 Kf8 20. Qa4 Ne7 21. d5 Bf6 22. dxe6 Qd3 23. Qe4 Qb5 24. exf7 Rc4 25. Qd3 Qc5+ 26. Kh1 Rh4 27. f4 Qh5 28. h3 Qxf7 29. Ng1 Ng6 30. Qd6+ Be7 31. Qc7 Bd8 32. Qxf7+ Kxf7 33. Bxb7 Rb8 34. Bd5+ Kf6 35. f5 Nf4 36. Bb3 Bc7 37. Rae1 Be5 38. Rxe5 Nxh3 39. Re6+ 1-0

[Event "Cheliabinsk-ch"]
[Site "Cheliabinsk"]
[Date "2011.01.16"]
[Round "3"]
[White "Panov, Maksim"]
[Black "Nikolenko, Vadim"]
[Result "0-1"]
[WhiteElo "1925"]
[BlackElo "2242"]
[PlyCount "46"]
[EventDate "2011.01.13"]
[EventType "swiss"]
[EventRounds "9"]
[EventCountry "RUS"]
[SourceTitle "EXT 2012"]
[Source "ChessBase"]
[SourceDate "2011.11.24"]
[SourceVersion "1"]
[SourceVersionDate "2011.11.24"]
[SourceQuality "1"]

1. c4 f5 2. g3 Nf6 3. Bg2 e5 4. e3 d5 5. Ne2 c6 6. cxd5 Nxd5 7. d4 e4 8. 0-0 Nd7 9. Nbc3 N7f6 10. a3 Bd6 11. b4 0-0 12. Bd2 Qe8 13. Nc1 Kh8 14. Qe2 Be6 15. f3 Qg6 16. Ra2 Nb6 17. fxe4 fxe4 18. Rxf6 Rxf6 19. Bxe4 Qg4 20. Qxg4 Bxg4 21. Bd3 Raf8 22. Ne4 Rh6 23. Nc3 Nd5 0-1

[Event "Cheliabinsk-ch"]
[Site "Cheliabinsk"]
[Date "2011.01.15"]
[Round "2"]
[White "Nikolenko, Vadim"]
[Black "Khafizova, Yana"]
[Result "1-0"]
[WhiteElo "2242"]
[BlackElo "1919"]
[PlyCount "73"]
[EventDate "2011.01.13"]
[EventType "swiss"]
[EventRounds "9"]
[EventCountry "RUS"]
[SourceTitle "EXT 2012"]
[Source "ChessBase"]
[SourceDate "2011.11.24"]
[SourceVersion "1"]
[SourceVersionDate "2011.11.24"]
[SourceQuality "1"]

1. e4 e5 2. Nf3 Nc6 3. d4 exd4 4. Nxd4 Bc5 5. Be3 Qf6 6. c3 Nge7 7. g3 0-0 8. Bg2 d6 9. 0-0 Ne5 10. h3 Nc4 11. Bc1 Nc6 12. Nc2 Be6 13. b3 N4e5 14. Kh2 Ng6 15. f4 Bc8 16. Ne3 Nce7 17. Qd3 a6 18. Nd2 Bxe3 19. Qxe3 Bd7 20. Nf3 Nc6 21. Bd2 Rfe8 22. Rae1 Qe7 23. Qd3 Rad8 24. c4 Nf8 25. Bc3 Ne6 26. Ba1 f6 27. Qc3 Nc5 28. e5 dxe5 29. fxe5 fxe5 30. Nxe5 Nxe5 31. Bd5+ Kh8 32. Rf7 Qg5 33. Rxe5 Rxe5 34. Qxe5 Qxe5 35. Bxe5 Rg8 36. Bxg7+ Rxg7 37. Rf8+ 1-0

[Event "Cheliabinsk Region-ch"]
[Site "Cheliabinsk"]
[Date "2010.04.04"]
[Round "9"]
[White "Monakhov, Yuri"]
[Black "Nikolenko, Vadim"]
[Result "1/2-1/2"]
[WhiteElo "2121"]
[BlackElo "2225"]
[PlyCount "77"]
[EventDate "2010.03.27"]
[EventType "swiss"]
[EventRounds "9"]
[EventCountry "RUS"]
[SourceTitle "EXT 2012"]
[Source "ChessBase"]
[SourceDate "2011.11.24"]
[SourceVersion "1"]
[SourceVersionDate "2011.11.24"]
[SourceQuality "1"]

1. Nf3 Nf6 2. c4 c6 3. Nc3 d5 4. d4 g6 5. Bf4 Bg7 6. e3 0-0 7. h3 c5 8. dxc5 Ne4 9. Rc1 Nxc3 10. bxc3 dxc4 11. Qxd8 Rxd8 12. Bxc4 Nc6 13. e4 Na5 14. Be2 Rf8 15. Bc7 Nc6 16. 0-0 Be6 17. Ng5 Bc8 18. Bc4 Be5 19. Bxe5 Nxe5 20. Bd5 e6 21. Bb3 Nd3 22. Rcd1 Nxc5 23. e5 b6 24. Rd6 Ba6 25. Rfd1 h6 26. Nf3 Rac8 27. Nd4 Ne4 28. Rd7 Nxc3 29. Rd2 Ne4 30. Rd1 Ra8 31. Nc6 Bb5 32. Ne7+ Kh8 33. Rc7 Nc5 34. Bc2 Be8 35. h4 h5 36. g4 hxg4 37. Rd4 Na6 38. Rb7 Nc5 39. Rc7 1/2-1/2

[Event "Cheliabinsk Region-ch"]
[Site "Cheliabinsk"]
[Date "2010.04.03"]
[Round "8"]
[White "Nikolenko, Vadim"]
[Black "Bashkov, Viacheslav"]
[Result "0-1"]
[WhiteElo "2225"]
[BlackElo "2307"]
[PlyCount "132"]
[EventDate "2010.03.27"]
[EventType "swiss"]
[EventRounds "9"]
[EventCountry "RUS"]
[SourceTitle "EXT 2012"]
[Source "ChessBase"]
[SourceDate "2011.11.24"]
[SourceVersion "1"]
[SourceVersionDate "2011.11.24"]
[SourceQuality "1"]

1. d4 g6 2. Nf3 Bg7 3. Bf4 d6 4. e3 Nd7 5. c4 e5 6. Bg3 Ne7 7. h3 Nf5 8. Bh2 exd4 9. exd4 Qf6 10. Nc3 Nxd4 11. Nxd4 Qxd4 12. Qe2+ Kd8 13. Qc2 Nc5 14. Rd1 Re8+ 15. Be2 Bf5 16. Rxd4 Bxc2 17. Rd2 Bxc3 18. bxc3 Bd3 19. Kd1 Bxe2+ 20. Rxe2 Rxe2 21. Kxe2 Kd7 22. f3 Re8+ 23. Kd2 Kc6 24. Rb1 Nd7 25. Kd3 Nc5+ 26. Kd2 b6 27. Bg3 a6 28. Bf2 Re6 29. Rb4 Nd7 30. Kd3 Ne5+ 31. Kd2 a5 32. Ra4 b5 33. cxb5+ Kxb5 34. Rf4 c5 35. a4+ Kc6 36. c4 h6 37. Kc3 f5 38. g4 Rf6 39. Be3 g5 40. Rxf5 Rxf5 41. gxf5 Nxf3 42. Bf2 Kd7 43. Bg3 Ne5 44. Be1 Ke7 45. Kb3 Nc6 46. Bc3 h5 47. Kc2 g4 48. Kd3 Ne5+ 49. Ke3 Nxc4+ 50. Kf4 d5 51. hxg4 hxg4 52. Kxg4 d4 53. Be1 Ne5+ 54. Kg3 Kf6 55. Bxa5 Kxf5 56. Bb6 Nd7 57. a5 Ke4 58. Bc7 Kd5 59. a6 Kc6 60. Bd8 c4 61. Kf3 d3 62. Ke3 Nc5 63. a7 Kb7 64. Ba5 Nb3 65. Bb6 Ka8 66. Ke4 d2 0-1

[Event "Cheliabinsk Region-ch"]
[Site "Cheliabinsk"]
[Date "2010.04.01"]
[Round "6"]
[White "Nikolenko, Vadim"]
[Black "Kozirev, Alexander"]
[Result "1-0"]
[WhiteElo "2225"]
[BlackElo "2345"]
[PlyCount "69"]
[EventDate "2010.03.27"]
[EventType "swiss"]
[EventRounds "9"]
[EventCountry "RUS"]
[SourceTitle "EXT 2012"]
[Source "ChessBase"]
[SourceDate "2011.11.24"]
[SourceVersion "1"]
[SourceVersionDate "2011.11.24"]
[SourceQuality "1"]

1. d4 d5 2. Nf3 Nf6 3. g3 Bf5 4. c4 c6 5. cxd5 cxd5 6. Nc3 Nc6 7. Qb3 Na5 8. Qa4+ Bd7 9. Qc2 e6 10. Ne5 Be7 11. Nxd7 Qxd7 12. e3 0-0 13. Bd3 Rfc8 14. 0-0 b5 15. a3 Nc4 16. Qe2 a6 17. f4 Nxa3 18. g4 Nc4 19. g5 Ne8 20. f5 Bxg5 21. Qh5 h6 22. fxe6 fxe6 23. h4 Nf6 24. Qg6 Bxh4 25. e4 dxe4 26. Nxe4 Qxd4+ 27. Kh1 Rd8 28. Bxh6 Ra7 29. Nxf6+ Bxf6 30. Qh7+ Kf8 31. Rxf6+ Qxf6 32. Rf1 Qxf1+ 33. Bxf1 Rf7 34. Qh8+ Ke7 35. Bg5+ 1-0

[Event "Cheliabinsk Region-ch"]
[Site "Cheliabinsk"]
[Date "2010.03.28"]
[Round "2"]
[White "Nikolenko, Vadim"]
[Black "Baraeva, Irina"]
[Result "1-0"]
[WhiteElo "2225"]
[BlackElo "2063"]
[PlyCount "90"]
[EventDate "2010.03.27"]
[EventType "swiss"]
[EventRounds "9"]
[EventCountry "RUS"]
[SourceTitle "EXT 2012"]
[Source "ChessBase"]
[SourceDate "2011.11.24"]
[SourceVersion "1"]
[SourceVersionDate "2011.11.24"]
[SourceQuality "1"]

1. e4 e6 2. d4 d5 3. Nd2 c5 4. c3 Nc6 5. Ngf3 Nf6 6. Bd3 cxd4 7. cxd4 Bb4 8. e5 Ne4 9. 0-0 Nxd2 10. Nxd2 Qb6 11. Nf3 Bd7 12. Be3 Be7 13. Qd2 Na5 14. Rfc1 Bb5 15. Bb1 Nc4 16. Qc2 Bd7 17. b3 Nxe3 18. fxe3 Rc8 19. Qd1 0-0 20. Bd3 Bb5 21. Rxc8 Rxc8 22. Bxb5 Qxb5 23. Rc1 Rc6 24. Rc2 Qa5 25. Kf2 Qc7 26. Ne1 f6 27. Rxc6 bxc6 28. Qg4 f5 29. Qe2 c5 30. Qc2 Qb6 31. Nf3 f4 32. exf4 cxd4 33. Qd3 Qa5 34. a4 Qb6 35. Kg3 Bc5 36. Ng5 g6 37. h4 Be7 38. Nf3 Bc5 39. h5 Kg7 40. hxg6 h6 41. a5 Qc6 42. f5 exf5 43. Nh4 Qe6 44. Nxf5+ Kf8 45. g7+ Kg8 1-0

[Event "Cheliabinsk Postovalov Memorial 4th"]
[Site "Cheliabinsk"]
[Date "2010.01.06"]
[Round "4"]
[White "Nikolenko, Vadim"]
[Black "Gorbushin, Maksim"]
[Result "0-1"]
[WhiteElo "2249"]
[BlackElo "2012"]
[PlyCount "80"]
[EventDate "2010.01.04"]
[EventType "swiss"]
[EventRounds "9"]
[EventCountry "RUS"]
[SourceTitle "CBM 134 Extra"]
[Source "ChessBase"]
[SourceDate "2010.03.03"]
[SourceVersion "1"]
[SourceVersionDate "2010.03.03"]
[SourceQuality "1"]

1. e4 c5 2. c3 Nf6 3. e5 Nd5 4. Nf3 Nc6 5. d4 cxd4 6. cxd4 e6 7. a3 d6 8. Bd3 dxe5 9. dxe5 Qa5+ 10. Bd2 Qb6 11. b4 a5 12. b5 Nd4 13. Nc3 Nxf3+ 14. Qxf3 Qd4 15. Be4 Nxc3 16. Bxc3 Qc4 17. Qd3 Qxd3 18. Bxd3 Bd7 19. Bd4 Rc8 20. Kd2 Be7 21. a4 Bb4+ 22. Ke3 Ke7 23. Be4 Bc3 24. Rac1 Bxd4+ 25. Kxd4 Rhd8 26. Ke3 b6 27. Bb7 Rxc1 28. Rxc1 Rb8 29. Be4 Rc8 30. Bc6 Rc7 31. Kd4 Rc8 32. Rc3 Kd8 33. Rh3 Bxc6 34. bxc6 h6 35. Rg3 g6 36. Rf3 Ke7 37. Rc3 Kd8 38. g4 Kc7 39. Rh3 Kxc6 40. Rxh6 b5 0-1

[Event "Cheliabinsk Postovalov Memorial 4th"]
[Site "Cheliabinsk"]
[Date "2010.01.04"]
[Round "1"]
[White "Khafizova, Yana"]
[Black "Nikolenko, Vadim"]
[Result "0-1"]
[WhiteElo "1897"]
[BlackElo "2249"]
[PlyCount "54"]
[EventDate "2010.01.04"]
[EventType "swiss"]
[EventRounds "9"]
[EventCountry "RUS"]
[SourceTitle "CBM 134 Extra"]
[Source "ChessBase"]
[SourceDate "2010.03.03"]
[SourceVersion "1"]
[SourceVersionDate "2010.03.03"]
[SourceQuality "1"]

1. d4 f5 2. c4 Nf6 3. Nc3 e6 4. Bg5 Be7 5. Nf3 0-0 6. e3 d5 7. Bd3 c6 8. 0-0 Qe8 9. Ne5 Nbd7 10. a3 Nxe5 11. dxe5 Ng4 12. Bf4 g5 13. h3 Nxf2 14. Rxf2 gxf4 15. Rxf4 Bd7 16. Be2 b6 17. cxd5 cxd5 18. Bh5 Qd8 19. Nxd5 Bg5 20. Rf1 exd5 21. Qxd5+ Kh8 22. Rad1 Ba4 23. Qb7 Qe7 24. Qxe7 Bxe7 25. Rd4 Bb5 26. Rf3 Bc5 27. Rdf4 Be2 0-1

[Event "Cheliabinsk Panchenko Memorial 1st"]
[Site "Cheliabinsk"]
[Date "2009.10.12"]
[Round "8"]
[White "Gutenev, Maxim"]
[Black "Nikolenko, Vadim"]
[Result "0-1"]
[WhiteElo "2039"]
[BlackElo "2234"]
[PlyCount "66"]
[EventDate "2009.10.06"]
[EventType "swiss"]
[EventRounds "9"]
[EventCountry "RUS"]
[SourceTitle "EXT 2010"]
[Source "ChessBase"]
[SourceDate "2010.11.25"]
[SourceVersion "1"]
[SourceVersionDate "2010.11.25"]
[SourceQuality "1"]

1. e4 c5 2. Nf3 d6 3. d4 cxd4 4. Nxd4 Nf6 5. Nc3 Nc6 6. Be3 e6 7. g4 d5 8. Bb5 Bd7 9. exd5 Nxd5 10. Nxd5 exd5 11. Qf3 a6 12. Bd3 Ne5 13. Qxd5 Nxd3+ 14. cxd3 Bb4+ 15. Kf1 0-0 16. Rg1 Re8 17. Rg3 Rc8 18. Qxb7 Bd6 19. Rf3 Rc7 20. Qd5 Bxg4 21. Bg5 Bxf3 22. Nxf3 Qd7 23. h4 Rc5 24. Qd4 Qh3+ 25. Kg1 Qxf3 26. Qxd6 Rd5 27. Qxa6 h6 28. Be3 Re6 29. Qc8+ Kh7 30. Qc3 Rf5 31. Qd4 Rg6+ 32. Kf1 Qh1+ 33. Ke2 Qxa1 0-1

[Event "Cheliabinsk Panchenko Memorial 1st"]
[Site "Cheliabinsk"]
[Date "2009.10.09"]
[Round "4"]
[White "Lefebr, Vladislav"]
[Black "Nikolenko, Vadim"]
[Result "0-1"]
[WhiteElo "2134"]
[BlackElo "2234"]
[PlyCount "116"]
[EventDate "2009.10.06"]
[EventType "swiss"]
[EventRounds "9"]
[EventCountry "RUS"]
[SourceTitle "EXT 2010"]
[Source "ChessBase"]
[SourceDate "2010.11.25"]
[SourceVersion "1"]
[SourceVersionDate "2010.11.25"]
[SourceQuality "1"]

1. d4 d5 2. Nf3 Bf5 3. c4 e6 4. Nc3 c6 5. Qb3 Qb6 6. Bf4 Nd7 7. e3 Ngf6 8. h3 h6 9. c5 Qxb3 10. axb3 a6 11. b4 Rc8 12. Nd2 Nh7 13. g4 g5 14. Bg3 Bg6 15. Nb3 f5 16. Na5 f4 17. exf4 gxf4 18. Bxf4 Bg7 19. Nxb7 0-0 20. Bd6 Ng5 21. Bg2 Nf3+ 22. Bxf3 Rxf3 23. Ke2 Rf7 24. Rxa6 e5 25. Rha1 exd4 26. Ra8 Rxa8 27. Rxa8+ Kh7 28. Nd1 Bc2 29. f4 d3+ 30. Kd2 Nf6 31. Nd8 Ne4+ 32. Kc1 Bb3 33. f5 d2+ 34. Kb1 Nxd6 35. Ra3 Bxd1 36. Rd3 Ne4 37. Nxf7 Ba4 38. g5 Bb5 39. Rxd2 Nxd2+ 40. Kc2 Ne4 41. h4 hxg5 42. hxg5 Bd4 43. g6+ Kg7 44. Nd8 Bf6 45. Ne6+ Kh6 46. Nf8 Ng3 47. Nd7 Kg7 48. Nb6 Nxf5 49. Nc8 Kxg6 50. Nb6 Ne3+ 51. Kc1 Nc4 52. Nd7 Bxb2+ 53. Kc2 Kf5 54. Kb3 Bg7 55. Nb8 Ke4 56. Kc2 d4 57. Nd7 d3+ 58. Kd1 Ba4+ 0-1

[Event "Cheliabinsk Panchenko Memorial 1st"]
[Site "Cheliabinsk"]
[Date "2009.10.08"]
[Round "3"]
[White "Nikolenko, Vadim"]
[Black "Mazyrin, Yuri"]
[Result "1/2-1/2"]
[WhiteElo "2234"]
[BlackElo "2157"]
[PlyCount "33"]
[EventDate "2009.10.06"]
[EventType "swiss"]
[EventRounds "9"]
[EventCountry "RUS"]
[SourceTitle "EXT 2010"]
[Source "ChessBase"]
[SourceDate "2010.11.25"]
[SourceVersion "1"]
[SourceVersionDate "2010.11.25"]
[SourceQuality "1"]

1. d4 d5 2. Nf3 e6 3. g3 c5 4. Bg2 Nc6 5. 0-0 Nf6 6. h3 Be7 7. dxc5 Bxc5 8. c4 0-0 9. Qc2 d4 10. Nbd2 e5 11. a3 a5 12. Ne4 Nxe4 13. Qxe4 Qe7 14. Ng5 f5 15. Qh4 h6 16. Bd5+ Kh8 17. Qh5 1/2-1/2

[Event "Cheliabinsk op 02"]
[Site "Cheliabinsk"]
[Date "2009.03.04"]
[Round "5"]
[White "Suknev, Sergei V"]
[Black "Nikolenko, Vadim"]
[Result "1/2-1/2"]
[WhiteElo "2164"]
[BlackElo "2224"]
[PlyCount "124"]
[EventDate "2009.02.28"]
[EventType "swiss"]
[EventRounds "9"]
[EventCountry "RUS"]
[SourceTitle "CBM 129 Extra"]
[Source "ChessBase"]
[SourceDate "2009.05.05"]
[SourceVersion "2"]
[SourceVersionDate "2009.05.20"]
[SourceQuality "1"]

1. d4 Nf6 2. Bg5 d5 3. e3 c5 4. Bxf6 gxf6 5. g3 Nc6 6. c3 Qb6 7. b3 cxd4 8. exd4 e5 9. dxe5 Bc5 10. Qd2 fxe5 11. Bg2 Be6 12. Nf3 e4 13. Ng5 e3 14. Qe2 exf2+ 15. Kf1 0-0-0 16. Nd2 Be3 17. Nxe6 fxe6 18. Bh3 Rde8 19. Kg2 Rhf8 20. Rhd1 Kb8 21. Nf1 Bg5 22. Rd3 Qc5 23. b4 Qd6 24. Rf3 Rxf3 25. Qxf3 Rf8 26. Qg4 Bf6 27. b5 Bxc3 28. Rc1 Ne5 29. Qxe6 Qxe6 30. Bxe6 d4 31. Rc2 Nd3 32. Kh3 Ne1 33. Rc1 Nf3 34. Bc4 Bd2 35. Rd1 Be3 36. Bb3 Kc7 37. g4 Kb6 38. a4 Ka5 39. Kg3 Ng1 40. h4 Ne2+ 41. Kg2 h6 42. Bc2 b6 43. Rb1 Rc8 44. Bf5 Rc1 45. Rxc1 Nxc1 46. Nxe3 dxe3 47. g5 hxg5 48. h5 Ne2 49. h6 Nf4+ 50. Kf1 Nh5 51. Bd3 Nf6 52. h7 Nxh7 53. Bxh7 Kxa4 54. Bd3 Kb4 55. Bf5 Kb3 56. Ke2 Kc3 57. Bh3 Kd4 58. Bg2 g4 59. Bc6 Ke5 60. Bg2 Kf4 61. Bf1 Ke4 62. Bg2+ Kd4 1/2-1/2

[Event "Cheliabinsk op 02"]
[Site "Cheliabinsk"]
[Date "2009.03.01"]
[Round "2"]
[White "Nikolenko, Vadim"]
[Black "Khazhipov, Timur"]
[Result "1-0"]
[WhiteElo "2224"]
[BlackElo "1990"]
[PlyCount "97"]
[EventDate "2009.02.28"]
[EventType "swiss"]
[EventRounds "9"]
[EventCountry "RUS"]
[SourceTitle "CBM 129 Extra"]
[Source "ChessBase"]
[SourceDate "2009.05.05"]
[SourceVersion "2"]
[SourceVersionDate "2009.05.20"]
[SourceQuality "1"]

1. e4 c5 2. c3 Nf6 3. e5 Nd5 4. d4 cxd4 5. Nf3 e6 6. cxd4 d6 7. a3 dxe5 8. dxe5 Nc6 9. Bd3 Qc7 10. 0-0 a6 11. Qe2 b5 12. Re1 Bb7 13. b4 g6 14. h4 h5 15. Be4 Rd8 16. Bb2 Bg7 17. Nbd2 Nf4 18. Qe3 Nd5 19. Qc5 Qe7 20. Qc2 0-0 21. Nb3 Rc8 22. Qe2 Rfd8 23. Nc5 Nb6 24. Bc1 Qc7 25. Bg5 Re8 26. Rad1 Nd5 27. Nxb7 Qxb7 28. Qb2 Rc7 29. Bf6 Nb6 30. Qc1 Qc8 31. Qf4 Nc4 32. Bxg7 Kxg7 33. Rd3 Rd8 34. Red1 Rxd3 35. Rxd3 Rd7 36. Qf6+ Kg8 37. Bxg6 Qe8 38. Rxd7 Qxd7 39. Bxh5 Qd1+ 40. Kh2 Qd7 41. Qg5+ Kf8 42. Qh6+ Ke8 43. Qh8+ Ke7 44. Qg7 Kd8 45. Bxf7 Nxa3 46. h5 Ne7 47. h6 Nf5 48. Qf8+ Kc7 49. h7 1-0

[Event "Cheliabinsk Region-ch op"]
[Site "Cheliabinsk"]
[Date "2008.08.24"]
[Round "7"]
[White "Leks, Hanna"]
[Black "Nikolenko, Vadim"]
[Result "0-1"]
[WhiteElo "2042"]
[BlackElo "2234"]
[PlyCount "119"]
[EventDate "2008.08.03"]
[EventType "swiss"]
[EventRounds "9"]
[EventCountry "RUS"]
[SourceTitle "EXT 2022"]
[Source "ChessBase"]
[SourceDate "2021.10.06"]
[SourceVersion "1"]
[SourceVersionDate "2021.10.06"]
[SourceQuality "1"]

1. d4 Nf6 2. c4 g6 3. g3 Bg7 4. Bg2 d5 5. cxd5 Nxd5 6. Nc3 Nxc3 7. bxc3 c5 8. e3 0-0 9. a4 Nc6 10. Ne2 Na5 11. 0-0 Rb8 12. Rb1 Bd7 13. Ba3 c4 14. Nf4 Re8 15. Bb4 b6 16. Bxa5 bxa5 17. Bd5 Rc8 18. Qc2 e6 19. Bg2 Rc7 20. Rb2 Qe7 21. Rfb1 Rec8 22. e4 Qe8 23. Ra2 Rb8 24. e5 Rxb1+ 25. Qxb1 Rc8 26. Bf1 Qd8 27. Ng2 Bh6 28. f4 g5 29. Qd1 gxf4 30. gxf4 Qf8 31. Qg4+ Qg7 32. Qxg7+ Kxg7 33. Kf2 Bc6 34. Ke3 Kf8 35. Ne1 Ke7 36. Bxc4 Bh1 37. Bd3 Rxc3 38. Rc2 Ra3 39. Rc7+ Kf8 40. Rxa7 Rxa4 41. Bxh7 Ra1 42. Nd3 Bd5 43. Be4 Bb3 44. Nc5 Bc4 45. Nd7+ Kg7 46. Nf6 Re1+ 47. Kd2 Rf1 48. Kc3 Be2 49. Ra8 Bxf4 50. h4 Rc1+ 51. Kb2 Rc4 52. Rg8+ Kh6 53. Rh8+ Kg7 54. Rh7+ Kf8 55. h5 Rb4+ 56. Kc3 Bb5 57. h6 Rc4+ 58. Kb2 Rxd4 59. Bg6 Rb4+ 60. Ka2 0-1

[Event "Cheliabinsk Region-ch op"]
[Site "Cheliabinsk"]
[Date "2008.08.14"]
[Round "4"]
[White "Nikolenko, Vadim"]
[Black "Matiushinsky, Vladimir"]
[Result "1-0"]
[WhiteElo "2234"]
[BlackElo "2042"]
[PlyCount "97"]
[EventDate "2008.08.03"]
[EventType "swiss"]
[EventRounds "9"]
[EventCountry "RUS"]
[SourceTitle "EXT 2022"]
[Source "ChessBase"]
[SourceDate "2021.10.06"]
[SourceVersion "1"]
[SourceVersionDate "2021.10.06"]
[SourceQuality "1"]

1. e4 c6 2. d4 d5 3. exd5 cxd5 4. Bd3 Nc6 5. c3 e5 6. dxe5 Nxe5 7. Qe2 Qe7 8. Bb5+ Nc6 9. Be3 a6 10. Ba4 b5 11. Bc2 Nf6 12. h3 Be6 13. Nf3 h6 14. Nbd2 Qd7 15. Nb3 Bd6 16. Nc5 Qe7 17. Nxe6 Qxe6 18. 0-0 0-0 19. Rfe1 Rfe8 20. Qd3 Ne5 21. Nxe5 Qxe5 22. g3 Qh5 23. Kg2 Re6 24. Bd1 Qe5 25. Bf3 Ne4 26. Bf4 Qf5 27. Bg4 Qf6 28. Qxd5 Rae8 29. Bxe6 Bxf4 30. Bxf7+ Qxf7 31. Qxf7+ Kxf7 32. gxf4 Re6 33. f5 Re8 34. f3 Nd6 35. Rxe8 Nxe8 36. Kg3 Kf6 37. Re1 Nc7 38. Kg4 h5+ 39. Kxh5 Kxf5 40. Re7 g6+ 41. Kh6 Nd5 42. Rf7+ Nf6 43. Rxf6+ Kxf6 44. b3 g5 45. c4 bxc4 46. bxc4 a5 47. c5 a4 48. c6 a3 49. c7 1-0